000 00392nam a22001697a 4500
005 20250430070234.0
008 250430b |||||||| |||| 00| 0 eng d
020 _a955921800X
082 _222
_a891
245 _aKaluwara Kedaiyama
250 _a2nd
260 _aDehiwala
_bVasala Publication
_c1998
300 _aX, 161 p .,
650 _aEncraving
650 _aCommentary
942 _cL
999 _c6031
_d6031